Ψυχαναλυτική Διάγνωση / Η Κατανόηση της Δομής της Προσωπικότητας στα Πλαίσια της Κλινικής Διαδικασίας: Αναθωρημένη Έκδοση (Record no. 9738)
[ view plain ]
| 000 -LEADER | |
|---|---|
| fixed length control field | 02540cam a22001934a 4500 |
| 005 - ΗΜΕΡΟΜΗΝΙΑ ΚΑΙ ΩΡΑ ΤΕΛΕΥΤΑΙΑΣ ΕΝΗΜΕΡΩΣΗΣ | |
| Πεδίο ελέγχου | 20250605164408.0 |
| 008 - FIXED-LENGTH DATA ELEMENTS--GENERAL INFORMATION | |
| Πεδίο ελέγχου σταθερού μήκους | 250528s ||||||||||||||||||||||||d |
| 035 ## - SYSTEM CONTROL NUMBER | |
| System control number | 24903 |
| 020 ## - ISBN | |
| ISBN | 9789608731042 |
| 040 ## - ΠΗΓΗ ΚΑΤΑΛΟΓΟΓΡΑΦΗΣΗΣ | |
| Φορέας πρωτότυπης καταλογογράφησης | MC Athens Campus Library |
| Γλώσσα καταλογογράφησης | Ελληνικά, Μοντέρνα (1453-) |
| Modifying agency | MC Athens Campus Library |
| Κανόνες περιγραφικής καταλογογράφησης | AACR2 |
| 245 1# - ΤΙΤΛΟΣ ΚΑΙ ΔΗΛΩΣΗ ΥΠΕΥΘΥΝΟΤΗΤΑΣ | |
| Τίτλος | Ψυχαναλυτική Διάγνωση / Η Κατανόηση της Δομής της Προσωπικότητας στα Πλαίσια της Κλινικής Διαδικασίας: Αναθωρημένη Έκδοση |
| 260 ## - PUBLICATION, DISTRIBUTION, ETC. | |
| Name of publisher, distributor, etc. | Ιψυ, |
| Date of publication, distribution, etc. | 2012 |
| 300 ## - PHYSICAL DESCRIPTION | |
| Extent | 854 |
| 520 ## - SUMMARY, ETC. | |
| Summary, etc. | Στο βιβλίο αυτό περιγράφονται οι κεντρικές ψυχαναλυτικές θεωρίες και άμυνες, καθώς και δέκα τυπολογίες προσωπικότητας: η ψυχοπαθητική, η ναρκισσιστική, η σχιζοειδής, η παρανοϊκή, η καταθλιπτική και η μανιακή, η μαζοχιστική, η ιδεοψυχαναγκαστική, η υστερική και η διασχιστική. Πρόλογος, Εισαγωγή, Θεωρητιθκά Ζητήματα, Γιατί Κάνουμε Διάγνωση, Ψυχαναλυτική Διάγνωση του Χαρακτήρα, Εξελικτικά Στάδια Οργάνωσης της Προσωπικότητας, Κλινικές Επιπτώσεις των Εξελικτικών Επιπέδων Οργάνωσης της Προσωπικότητας, Πρωτογενείς Αμυντικές Διεργασίες, Δευτερογενείς Αμυντικές Διεργασίες, Τύποι Οργάνωσης του Χαρακτήρα, Ψυχοπαθητικές (Αντικοινωνικές) Προσωπικότητες, Ναρκισσιστικές Προσωπικότητες, Σχιζοειδείς Προσωπικότητες, Παρανοϊκές Προσωπικότητες, Καταθλιπτικές και Μανιακές Προσωπικότητες, Μαζοχιστικές (Αυτοηττώμενες) Προσωπικότητες, Ιδεοληπτικές και Ψυχαναγκαστικές Προσωπικότητες, Υστερικές (Δραματικές) Προσωπικότητες, Διασχιστικές Ψυχολογίες, Παράρτημα: Προτεινόμενη Μορφή Διαγνωστικής Συνέντευξης, Γλωσσάρι, Βιβλιογραφία. |
| 700 1# - ΠΡΟΣΘΕΤΗ ΑΝΑΓΡΑΦΗ--ΦΥΣΙΚΟ ΠΡΟΣΩΠΟ | |
| Personal name | Mcwilliams Nancy |
| 9 (RLIN) | 5425 |
| 942 ## - ADDED ENTRY ELEMENTS (KOHA) | |
| Koha item type | Books |
| Τύπος τεκμηρίου | Βιβλιοθήκη | Τρέχουσα τοποθεσία | Barcode | Αριθμός εισαγωγής | Ημερομηνία απόκτησης | Ταξιθετικό σύμβολο | Αριθμός αντιτύπου | Κατάσταση απόσυρσης | Κατάσταση χαμένου | Κατάσταση κατεστραμμένου | Μη δανεισμός | Σύνολο δανεισμών | Ημερομηνία τελευταίας εμφάνισης | Η τιμή ισχύει από |
|---|---|---|---|---|---|---|---|---|---|---|---|---|---|---|
| Books | MC Athens Campus Library | MC Athens Campus Library | 9780000097378 | 7435 | 05/06/2025 | 616.8917 McW | 1 | 05/06/2025 | 05/06/2025 |